[Event "Galicia-ch 2021"]
[Site "Padron"]
[Date "2021.04.01"]
[Round "2.5"]
[White "Sanchez Aller, Fernando"]
[Black "Grana Castanal, Andres"]
[Result "1-0"]
[WhiteElo "2337"]
[BlackElo "1964"]
[Annotator "TA"]
[PlyCount "103"]
[EventDate "2021.04.02"]
[EventType "swiss"]
[EventCountry "ESP"]
[SourceTitle "playchess.com"]
[Source "ChessBase"]
[SourceQuality "1"]

{[%evp 16,103,0,0,17,0,0,25,21,-14,43,39,43,13,37,43,52,56,73,68,81,84,117,111,154,147,162,43,41,40,35,3,6,21,39,21,20,20,51,49,173,33,33,33,33,33,85,82,86,28,26,34,60,68,67,54,79,81,171,76,76,76,280,194,302,94,302,288,287,287,280,218,218,218,217,218,211,211,210,117,1932,2234,1987,1781,5073,5073,29963,29956,10556,6079]} 1. e4 c5 2. Nc3 e6 3. Nf3 Nc6 4. Bb5 Nge7 5. O-O a6 6. Bxc6 Nxc6 7. d4 cxd4 8. Nxd4 Qc7 {8...Be7 gains popularity.} 9. Nxc6 Qxc6 {B30: Sicilian: 2...Nc6 3 Bb5, lines without ...g6.} (9... dxc6 {is interesting.} 10. Qg4 b5 11. h3 h5 12. Qf3 Be7) 10. Re1 Bb4 11. Bd2 O-O {[#] White has an edge.} 12. Qg4 $146 ({Predecessor:} 12. a4 f6 13. Qg4 Bxc3 14. Bxc3 b5 15. axb5 axb5 16. Rxa8 Qxa8 17. Qh5 Qc6 18. Bb4 {0-1 (32) Kekely,J-Dougherty,M (2226) Edmonton 2000}) 12... Bxc3 (12... f6 $11) 13. Bxc3 $14 {[%csl Gc3][%cal Rg4g7]} ({But not} 13. bxc3 e5 $15) 13... f6 14. Rad1 b5 15. Rd3 e5 16. Qd1 a5 17. a3 $1 Qc4 18. Qd2 Bb7 19. b3 (19. Rxd7 $6 Bxe4 20. Bxa5 Qxc2 $11) 19... Qc6 20. Bxa5 Rfc8 21. Rc3 Qe6 22. Bb4 {Hoping for Rd3.} d5 23. Rd3 {[%cal Re4d5]} (23. exd5 {seems wilder.} Qxd5 24. Qxd5+ Bxd5 25. Rd3 Be6 26. Rd2) 23... dxe4 24. Rd7 Rxc2 {[#]} 25. Rxg7+ $1 Kxg7 26. Qxc2 Rc8 27. Qe2 Qxb3 (27... Bd5 $14) 28. Qxb5 ({Only move:} 28. Qg4+ $1 $18 Kh8 29. Qd7) 28... Qd5 29. Qe2 e3 {[%csl Gb7][%cal Rd5g2]} 30. f3 e4 (30... Kg6 $14) 31. f4 $1 $16 ({Don't play} 31. Qxe3 $6 exf3 32. gxf3 Qxf3 $11) 31... Qd3 32. Qxe3 ({White should play} 32. Qg4+ $16 Kh8 33. h3) 32... Qxe3+ $11 33. Rxe3 $16 {[%mdl 4096] Endgame KRB-KRB} Rc2 34. Rc3 Rxc3 35. Bxc3 $14 {KB-KB} Kf7 36. g4 h5 (36... e3 $16) 37. g5 (37. gxh5 $18 {has better winning chances.} f5 38. a4) 37... fxg5 $16 38. fxg5 Kg6 $2 (38... h4 $16 {was called for.}) 39. Bd2 Bc6 (39... h4 {is a better defense.} 40. a4 Ba6) 40. Kf2 $2 (40. h4 $1 $18 Kf5 41. Kf2) 40... Kf5 $2 (40... h4 $16) 41. Kg3 $18 Be8 42. h4 Ba4 43. Be1 Be8 {[#]} 44. Kf2 $1 Kf4 {[#]} 45. Ke2 e3 46. Kd3 Kf3 47. Kd4 (47. Ba5 $18) 47... Ke2 $2 {[%mdl 8192]} (47... Kf4 $16 48. Bb4 e2) 48. Bb4 Kf2 49. Ke5 e2 50. Kf6 e1=Q 51. Bxe1+ Kxe1 52. g6 {Weighted Error Value: White=0.28/Black=0.52} 1-0

[Event "Galicia-ch 2021"]
[Site "Padron"]
[Date "2021.04.01"]
[Round "2.6"]
[White "Garcia Villar, Fernando"]
[Black "Medarde Santiago, Luis Marcos"]
[Result "0-1"]
[WhiteElo "1857"]
[BlackElo "2325"]
[Annotator "TA"]
[PlyCount "56"]
[EventDate "2021.04.02"]
[EventType "swiss"]
[EventCountry "ESP"]
[SourceTitle "playchess.com"]
[Source "ChessBase"]
[SourceQuality "1"]

{[%evp 21,56,-17,-12,-9,0,-2,-8,-18,0,-15,-4,-1,-15,-19,-7,-41,-30,-45,-41,-38,-52,-57,0,-374,-383,-365,-372,-356,-357,-383,-342,-716,-724,-839,-836,-1269,-1268]} 1. e4 c5 2. Nc3 g6 3. g3 Bg7 4. Bg2 Nc6 5. Nge2 Nf6 6. d3 O-O 7. O-O d6 8. h3 Rb8 9. a4 a6 10. Be3 b5 11. axb5 axb5 12. Qd2 {B25: Closed Sicilian: 3 g3, lines without early Be3.} b4 13. Nd1 Bb7 14. f4 {The position is equal.} Ra8 15. Rxa8 Qxa8 16. g4 Nd7 {[#]} 17. f5 $146 ({Predecessor:} 17. Ng3 Qa1 18. e5 dxe5 19. f5 Qa8 20. Nf2 e4 21. Nfxe4 Bxb2 22. Nxc5 Nxc5 23. Bxc5 {0-1 (57) Krawczyk,A (2133)-Mickiewicz,P (2326) Krakow 2005}) 17... Nce5 18. Bh6 Bxh6 19. Qxh6 b3 20. cxb3 Nxd3 21. g5 Bxe4 (21... Kh8 $1 $15) 22. Bxe4 $4 {[%mdl 8192]} (22. Ne3 $1 $11) 22... Qxe4 $19 {[%mdl 64] Double Attack} 23. f6 exf6 24. gxf6 {[#]} Nxf6 $1 {[%mdl 512]} 25. Ndc3 (25. Qe3 Kg7) 25... Qe5 26. Rxf6 $2 (26. Rf3 Nb4 27. Re3) 26... Qxf6 {Black is clearly winning.} 27. Ne4 Qe7 28. Ng5 f6 {Weighted Error Value: White=0.87/Black=0.13} 0-1

[Event "Galicia-ch 2021"]
[Site "Padron"]
[Date "2021.04.02"]
[Round "3.1"]
[White "Del Prado Rodriguez, Xulio"]
[Black "Gonzalez Perez, Arian"]
[Result "0-1"]
[WhiteElo "2132"]
[BlackElo "2481"]
[Annotator "ChessBase"]
[PlyCount "108"]
[EventDate "2021.04.02"]
[EventType "swiss"]
[EventCountry "ESP"]
[SourceTitle "playchess.com"]
[Source "ChessBase"]
[SourceQuality "1"]
[TimeControl "5400+30"]

1. d4 {[%emt 0:00:00]} d5 {[%emt 0:00:00]} 2. c4 {[%emt 0:00:00]} e6 {[%emt 0:00:00]} 3. Nf3 {[%emt 0:00:08]} c6 {[%emt 0:00:00]} 4. Qc2 {[%emt 0:01:56]} Nf6 {[%emt 0:10:17]} 5. g3 {[%emt 0:00:50]} Bb4+ {[%emt 0:01:13]} 6. Bd2 {[%emt 0:03:33]} Be7 {[%emt 0:00:09]} 7. Bg2 {[%emt 0:01:02]} O-O {[%emt 0:00:14]} 8. O-O {[%emt 0:00:28]} Nbd7 {[%emt 0:00:14]} 9. Bf4 {[%emt 0:02:53]} Nh5 {[%emt 0:09:06]} 10. Bc1 {[%emt 0:00:09]} Nhf6 {[%emt 0:00:56]} 11. Nbd2 {[%emt 0:00:59]} b6 {[%emt 0:01:04]} 12. e4 {[%emt 0:00:08]} Bb7 {[%emt 0:00:34]} 13. e5 {[%emt 0:01:59]} Ne8 {[%emt 0:02:43]} 14. cxd5 {[%emt 0:00:13]} cxd5 {[%emt 0:00:26]} 15. Re1 {[%emt 0:02:39]} Qc7 {[%emt 0:03:03]} 16. Qb3 {[%emt 0:05:14]} Ba6 {[%emt 0:06:17]} 17. Bf1 {[%emt 0:08:32]} Bxf1 {[%emt 0:00:25]} 18. Nxf1 {[%emt 0:00:06]} Rc8 {[%emt 0:11:43]} 19. Ne3 {[%emt 0:12:49]} f6 {[%emt 0:12:26]} 20. Ng2 {[%emt 0:10:28]} fxe5 {[%emt 0:06:30]} 21. Nxe5 {[%emt 0:00:38]} Nxe5 {[%emt 0:00:43]} 22. Rxe5 {[%emt 0:02:07]} Qd7 {[%emt 0:09:57]} 23. Nf4 {[%emt 0:14:40]} Nc7 {[%emt 0:04:14]} 24. Re2 {[%emt 0:04:36]} Bf6 {[%emt 0:00:31]} 25. Qd3 {[%emt 0:00:33]} Rce8 {[%emt 0:03:24]} 26. Nh5 {[%emt 0:06:15]} Bd8 {[%emt 0:00:12]} 27. Bd2 {[%emt 0:01:50]} Qb5 {[%emt 0:03:50]} 28. Qxb5 {[%emt 0:04:14]} Nxb5 {[%emt 0:00:02]} 29. Bc3 {[%emt 0:01:08]} Bc7 {[%emt 0:01:01]} 30. Rae1 {[%emt 0:02:05]} g6 {[%emt 0:00:21]} 31. Nf4 {[%emt 0:00:05]} Bxf4 {[%emt 0:00:06]} 32. gxf4 {[%emt 0:00:06]} Rf6 {[%emt 0:03:03]} 33. Kg2 {[%emt 0:01:51]} Kf7 {[%emt 0:01:49]} 34. Kg3 {[%emt 0:00:48]} Rc8 {[%emt 0:00:17]} 35. Re3 {[%emt 0:00:54]} Nd6 {[%emt 0:00:28]} 36. Kg2 {[%emt 0:01:45]} Rxf4 {[%emt 0:01:58]} 37. Rxe6 {[%emt 0:00:53]} Ne4 {[%emt 0:00:11]} 38. R1xe4 {[%emt 0:01:14]} dxe4 {[%emt 0:01:47]} 39. Rd6 {[%emt 0:00:18]} Rc7 {[%emt 0:04:46]} 40. d5 {[%emt 0:00:12]} Ke8 {[%emt 0:00:43]} 41. Re6+ {[%emt 0:02:53]} Re7 {[%emt 0:00:34]} 42. Rc6 {[%emt 0:00:06]} Rd7 {[%emt 0:00:37]} 43. d6 {[%emt 0:00:35]} Rf5 {[%emt 0:00:29]} 44. Bb4 {[%emt 0:00:41]} Rdf7 {[%emt 0:00:48]} 45. Rc2 {[%emt 0:00:36]} Kd7 {[%emt 0:00:28]} 46. a4 {[%emt 0:00:45]} a5 {[%emt 0:00:21]} 47. Ba3 {[%emt 0:00:02]} Rg5+ {[%emt 0:01:36]} 48. Kf1 {[%emt 0:00:14]} e3 {[%emt 0:01:02]} 49. Rc7+ {[%emt 0:00:28]} Ke6 {[%emt 0:00:04]} 50. f4 {[%emt 0:00:07]} Rxf4+ {[%emt 0:00:54]} 51. Ke2 {[%emt 0:00:05]} Rf7 {[%emt 0:00:27]} 52. Rc6 {[%emt 0:01:09]} Re5 {[%emt 0:00:42]} 53. Rxb6 {[%emt 0:00:13]} Rf2+ {[%emt 0:00:07]} 54. Ke1 {[%emt 0:00:13]} e2 {[%emt 0:00:34]} 0-1

[Event "Galicia-ch 2021"]
[Site "Padron"]
[Date "2021.04.02"]
[Round "3.2"]
[White "Gonzalez Perez, Jose Ramon"]
[Black "Larino Nieto, David"]
[Result "0-1"]
[WhiteElo "2099"]
[BlackElo "2461"]
[Annotator "ChessBase"]
[PlyCount "64"]
[EventDate "2021.04.02"]
[EventType "swiss"]
[EventCountry "ESP"]
[SourceTitle "playchess.com"]
[Source "ChessBase"]
[SourceQuality "1"]
[TimeControl "5400+30"]

1. e4 {[%emt 0:00:00]} d6 {[%emt 0:13:13]} 2. d4 {[%emt 0:00:18]} Nd7 {[%emt 0:00:28]} 3. Nf3 {[%emt 0:02:08]} g6 {[%emt 0:00:10]} 4. Bd3 {[%emt 0:04:32]} Bg7 {[%emt 0:00:08]} 5. O-O {[%emt 0:00:19]} e5 {[%emt 0:00:22]} 6. dxe5 {[%emt 0:02:00]} dxe5 {[%emt 0:00:22]} 7. Nc3 {[%emt 0:01:15]} Ngf6 {[%emt 0:00:21]} 8. Qe2 {[%emt 0:04:59]} O-O {[%emt 0:00:16]} 9. Rd1 {[%emt 0:00:33]} c6 {[%emt 0:00:22]} 10. a4 {[%emt 0:01:59]} a5 {[%emt 0:00:58]} 11. b3 {[%emt 0:03:27]} Nh5 {[%emt 0:02:53]} 12. Ba3 {[%emt 0:12:46]} Nf4 {[%emt 0:01:38]} 13. Qf1 {[%emt 0:01:50]} Re8 {[%emt 0:01:46]} 14. Bc4 {[%emt 0:03:01]} h6 {[%emt 0:00:54]} 15. Rd2 {[%emt 0:10:15]} Qb6 {[%emt 0:01:04]} 16. Ne2 {[%emt 0:09:18]} Nc5 {[%emt 0:01:11]} 17. Ng3 {[%emt 0:00:29]} Bg4 {[%emt 0:00:43]} 18. Ne1 {[%emt 0:03:01]} h5 {[%emt 0:00:44]} 19. h3 {[%emt 0:02:01]} h4 {[%emt 0:00:18]} 20. hxg4 {[%emt 0:01:17]} hxg3 {[%emt 0:00:12]} 21. Bxc5 {[%emt 0:02:38]} Qxc5 {[%emt 0:00:11]} 22. Rd7 {[%emt 0:00:24]} Rf8 {[%emt 0:01:30]} 23. Nf3 {[%emt 0:03:38]} Bf6 {[%emt 0:00:33]} 24. Rad1 {[%emt 0:01:17]} b5 {[%emt 0:05:37]} 25. axb5 {[%emt 0:00:49]} cxb5 {[%emt 0:00:03]} 26. Bd5 {[%emt 0:03:31]} Rad8 {[%emt 0:06:33]} 27. Bxf7+ {[%emt 0:03:15]} Kg7 {[%emt 0:00:08]} 28. Bc4+ {[%emt 0:07:01]} Rxd7 {[%emt 0:01:02]} 29. Rxd7+ {[%emt 0:00:06]} Be7 {[%emt 0:00:06]} 30. Bxb5 {[%emt 0:10:04]} Rh8 {[%emt 0:00:09]} 31. Rxe7+ {[%emt 0:00:04]} Qxe7 {[%emt 0:01:00]} 32. Qc4 {[%emt 0:03:00]} Qa7 {[%emt 0:00:15]} 0-1

[Event "Galicia-ch 2021"]
[Site "Padron"]
[Date "2021.04.02"]
[Round "3.3"]
[White "Espineira Gonzalez, Diego"]
[Black "Sixto Puente, Eloy"]
[Result "1/2-1/2"]
[WhiteElo "2338"]
[BlackElo "2039"]
[Annotator "ChessBase"]
[PlyCount "121"]
[EventDate "2021.04.02"]
[EventType "swiss"]
[EventCountry "ESP"]
[SourceTitle "playchess.com"]
[Source "ChessBase"]
[SourceQuality "1"]
[TimeControl "5400+30"]

1. e4 {[%emt 0:00:00]} e5 {[%emt 0:00:00]} 2. Nf3 {[%emt 0:00:00]} Nc6 {[%emt 0:00:00]} 3. Bb5 {[%emt 0:00:05]} a6 {[%emt 0:00:01]} 4. Ba4 {[%emt 0:00:05]} Nf6 {[%emt 0:00:10]} 5. O-O {[%emt 0:00:58]} Be7 {[%emt 0:00:22]} 6. Re1 {[%emt 0:01:16]} b5 {[%emt 0:00:28]} 7. Bb3 {[%emt 0:00:09]} O-O {[%emt 0:00:14]} 8. c3 {[%emt 0:00:15]} d5 {[%emt 0:01:02]} 9. exd5 {[%emt 0:00:09]} Nxd5 {[%emt 0:00:08]} 10. Nxe5 {[%emt 0:00:11]} Nxe5 {[%emt 0:00:09]} 11. Rxe5 {[%emt 0:00:09]} c6 {[%emt 0:00:17]} 12. d3 {[%emt 0:04:11]} Bd6 {[%emt 0:00:23]} 13. Re1 {[%emt 0:00:07]} Bf5 {[%emt 0:02:40]} 14. Qf3 {[%emt 0:05:35]} Bg6 {[%emt 0:04:02]} 15. Bxd5 {[%emt 0:17:07]} cxd5 {[%emt 0:00:46]} 16. Bf4 {[%emt 0:08:33]} Bxf4 {[%emt 0:07:51]} 17. Qxf4 {[%emt 0:00:19]} Bxd3 {[%emt 0:01:35]} 18. Qd4 {[%emt 0:01:16]} Bxb1 {[%emt 0:11:36]} 19. Raxb1 {[%emt 0:00:10]} Qd6 {[%emt 0:04:43]} 20. Re5 {[%emt 0:02:12]} Rad8 {[%emt 0:01:07]} 21. Rbe1 {[%emt 0:05:41]} h6 {[%emt 0:04:52]} 22. g3 {[%emt 0:02:53]} Rd7 {[%emt 0:01:46]} 23. Rd1 {[%emt 0:01:43]} Rfd8 {[%emt 0:00:56]} 24. Qe3 {[%emt 0:04:57]} Qc6 {[%emt 0:06:37]} 25. Rd4 {[%emt 0:00:54]} Rf8 {[%emt 0:05:21]} 26. Qd2 {[%emt 0:06:11]} Rfd8 {[%emt 0:00:43]} 27. Re3 {[%emt 0:00:07]} Qg6 {[%emt 0:03:18]} 28. Kg2 {[%emt 0:03:27]} Qc6 {[%emt 0:01:02]} 29. h3 {[%emt 0:00:42]} Rd6 {[%emt 0:03:29]} 30. Kg1 {[%emt 0:00:21]} Re6 {[%emt 0:00:56]} 31. Rxe6 {[%emt 0:05:06]} Qxe6 {[%emt 0:01:41]} 32. Kh2 {[%emt 0:00:22]} Qe5 {[%emt 0:01:10]} 33. Kg2 {[%emt 0:00:47]} Rd6 {[%emt 0:04:04]} 34. Qd3 {[%emt 0:01:55]} g6 {[%emt 0:02:14]} 35. a4 {[%emt 0:05:30]} bxa4 {[%emt 0:02:19]} 36. Rxa4 {[%emt 0:02:16]} Rb6 {[%emt 0:01:42]} 37. Qd2 {[%emt 0:00:18]} h5 {[%emt 0:02:08]} 38. Kh2 {[%emt 0:02:33]} Kg7 {[%emt 0:03:57]} 39. Ra5 {[%emt 0:03:43]} Kh7 {[%emt 0:03:59]} 40. h4 {[%emt 0:02:18]} Rf6 {[%emt 0:05:55]} 41. Kg1 {[%emt 0:01:29]} Qe4 {[%emt 0:02:19]} 42. Rxd5 {[%emt 0:03:49]} Qb1+ {[%emt 0:00:18]} 43. Kg2 {[%emt 0:00:06]} Qe4+ {[%emt 0:00:09]} 44. Kg1 {[%emt 0:06:42]} Qb1+ {[%emt 0:00:07]} 45. Kh2 {[%emt 0:01:17]} Qf1 {[%emt 0:01:07]} 46. f4 {[%emt 0:00:07]} Re6 {[%emt 0:01:26]} 47. Re5 {[%emt 0:00:01]} Rd6 {[%emt 0:00:53]} 48. Qe2 {[%emt 0:02:04]} Qc1 {[%emt 0:02:00]} 49. Qg2 {[%emt 0:00:01]} a5 {[%emt 0:03:48]} 50. Re2 {[%emt 0:00:04]} a4 {[%emt 0:00:27]} 51. Rc2 {[%emt 0:00:14]} Qb1 {[%emt 0:00:41]} 52. Rd2 {[%emt 0:02:12]} Re6 {[%emt 0:01:49]} 53. Re2 {[%emt 0:01:42]} Rd6 {[%emt 0:00:08]} 54. Qe4 {[%emt 0:01:24]} Qxe4 {[%emt 0:03:43]} 55. Rxe4 {[%emt 0:00:03]} Rd2+ {[%emt 0:00:07]} 56. Kg1 {[%emt 0:00:30]} Rxb2 {[%emt 0:00:15]} 57. Rxa4 {[%emt 0:00:02]} Kg7 {[%emt 0:01:21]} 58. Rd4 {[%emt 0:01:02]} Kf6 {[%emt 0:00:24]} 59. Kf1 {[%emt 0:00:29]} Rc2 {[%emt 0:01:18]} 60. c4 {[%emt 0:00:29]} Kf5 {[%emt 0:00:46]} 61. Rd7 {[%emt 0:01:19]} 1/2-1/2

[Event "Galicia-ch 2021"]
[Site "Padron"]
[Date "2021.04.02"]
[Round "3.4"]
[White "Alvarez Dominguez, Breixo"]
[Black "Sanchez Aller, Fernando"]
[Result "0-1"]
[WhiteElo "2025"]
[BlackElo "2337"]
[Annotator "ChessBase"]
[PlyCount "48"]
[EventDate "2021.04.02"]
[EventType "swiss"]
[EventCountry "ESP"]
[SourceTitle "playchess.com"]
[Source "ChessBase"]
[SourceQuality "1"]
[TimeControl "5400+30"]

1. e4 {[%emt 0:00:00]} e5 {[%emt 0:00:00]} 2. Nf3 {[%emt 0:00:00]} Nc6 {[%emt 0:00:00]} 3. Bc4 {[%emt 0:00:00]} Nf6 {[%emt 0:00:00]} 4. d3 {[%emt 0:00:30]} Bc5 {[%emt 0:00:00]} 5. c3 {[%emt 0:00:47]} a6 {[%emt 0:00:27]} 6. O-O {[%emt 0:00:56]} Ba7 {[%emt 0:00:39]} 7. a4 {[%emt 0:09:25]} d6 {[%emt 0:00:32]} 8. h3 {[%emt 0:00:54]} h6 {[%emt 0:00:25]} 9. b4 {[%emt 0:06:37]} Ne7 {[%emt 0:03:16]} 10. Re1 {[%emt 0:11:57]} Ng6 {[%emt 0:00:27]} 11. d4 {[%emt 0:01:47]} Nd7 {[%emt 0:02:43]} 12. Na3 {[%emt 0:05:03]} Qf6 {[%emt 0:01:19]} 13. g3 {[%emt 0:12:37]} Ndf8 {[%emt 0:03:21]} 14. Bf1 {[%emt 0:01:01]} Ne6 {[%emt 0:00:40]} 15. Be3 {[%emt 0:13:59]} Ng5 {[%emt 0:00:14]} 16. Nxg5 {[%emt 0:01:50]} hxg5 {[%emt 0:00:07]} 17. g4 {[%emt 0:03:19]} Be6 {[%emt 0:03:39]} 18. a5 {[%emt 0:06:00]} Nf4 {[%emt 0:01:27]} 19. Bxf4 {[%emt 0:00:46]} gxf4 {[%emt 0:01:54]} 20. dxe5 {[%emt 0:03:52]} Qh4 {[%emt 0:02:32]} 21. Qf3 {[%emt 0:02:12]} Bxg4 {[%emt 0:03:01]} 22. Bb5+ {[%emt 0:00:25]} axb5 {[%emt 0:00:35]} 23. hxg4 {[%emt 0:00:06]} Bxf2+ {[%emt 0:00:12]} 24. Qxf2 {[%emt 0:00:10]} Qh1# 0-1

[Event "Galicia-ch 2021"]
[Site "Padron"]
[Date "2021.04.02"]
[Round "3.5"]
[White "Medarde Santiago, Luis Marcos"]
[Black "Mendez Rial, Jorge"]
[Result "1-0"]
[WhiteElo "2325"]
[BlackElo "1729"]
[Annotator "NA"]
[PlyCount "73"]
[EventDate "2021.04.02"]
[EventType "swiss"]
[EventCountry "ESP"]
[SourceTitle "playchess.com"]
[Source "ChessBase"]
[SourceQuality "1"]
[TimeControl "5400+30"]

1. e4 {[%emt 0:05:10]} e6 {[%emt 0:00:00]} 2. d4 {[%emt 0:00:03]} d5 {[%emt 0:00:00]} 3. Nd2 {[%emt 0:00:02]} Be7 {[%emt 0:00:40]} 4. Ngf3 {[%emt 0:00:12]} Nf6 {[%emt 0:00:20]} 5. e5 {[%emt 0:00:02]} Nfd7 {[%emt 0:00:06]} 6. Bd3 {[%emt 0:00:03]} c5 {[%emt 0:00:58]} 7. c3 {[%emt 0:00:02]} Nc6 {[%emt 0:00:18]} 8. O-O {[%emt 0:00:06]} a5 {[%emt 0:01:06]} 9. a4 {[%emt 0:00:08] is currently scoring better than 9.Re1.} O-O {[%emt 0:01:18] is the legacy move (9...cxd4).} 10. Re1 {[%emt 0:00:45]} cxd4 {[%emt 0:00:33]} 11. cxd4 {[%emt 0:00:07]} f6 {[%emt 0:00:30]} 12. exf6 {[%emt 0:07:49]} Nxf6 {[%emt 0:00:06] [#]} 13. b3 $146 {[%emt 0:04:59]} ({Predecessor:} 13. Nb1 Nb4 14. Nc3 Nxd3 15. Qxd3 Bd7 16. Bg5 Ra6 17. Re2 Be8 18. Ne5 Nh5 19. Bxe7 Qxe7 {0-1 (29) Reprun,N (1989)-Mammadova,G (2369) Budva 2019}) 13... Qb6 {[%emt 0:03:54]} 14. Bb2 {[%emt 0:00:19]} Bd7 {[%emt 0:03:56]} 15. Nf1 {[%emt 0:04:34]} Bb4 {[%emt 0:05:30]} 16. Re2 {[%emt 0:00:51]} Rae8 {[%emt 0:02:21]} 17. Rc1 {[%emt 0:02:53]} Qd8 {[%emt 0:15:11]} 18. Ng3 {[%emt 0:02:12]} Re7 {[%emt 0:18:53]} 19. Re3 $11 {[%emt 0:14:37]} Qb6 {[%emt 0:12:59]} 20. Bb1 {[%emt 0:03:38]} g6 {[%emt 0:03:17]} 21. h3 {[%emt 0:06:18]} Bd6 {[%emt 0:08:39]} 22. Ne5 {[%emt 0:00:54]} Ne8 {[%emt 0:04:08]} 23. Nxd7 {[%emt 0:02:09]} Rxd7 {[%emt 0:00:01]} 24. Rxe6 {[%emt 0:00:57]} Bxg3 {[%emt 0:00:25]} 25. fxg3 {[%emt 0:00:18]} Rdf7 {[%emt 0:00:23]} 26. Ba3 {[%emt 0:09:28]} Ng7 {[%emt 0:12:15]} 27. Re1 {[%emt 0:00:41]} Rc8 {[%emt 0:00:31]} 28. Kh2 {[%emt 0:00:56]} Nf5 {[%emt 0:00:33]} 29. Bxf5 {[%emt 0:03:26]} Rxf5 {[%emt 0:00:09]} 30. Qe2 {[%emt 0:00:01]} Rf6 {[%emt 0:01:23]} 31. Rf1 {[%emt 0:01:20]} Qd8 {[%emt 0:01:13]} 32. Rxf6 {[%emt 0:01:13]} Qxf6 {[%emt 0:00:01]} 33. Rf1 {[%emt 0:00:01]} Nxd4 {[%emt 0:01:21]} 34. Qd3 {[%emt 0:02:08]} Qb6 {[%emt 0:01:04]} 35. Bb2 {[%emt 0:01:04]} Ne6 {[%emt 0:01:15]} 36. Qxd5 {[%emt 0:00:26]} Qc6 {[%emt 0:01:16]} 37. Qe5 {[%emt 0:00:11]} 1-0

[Event "Galicia-ch 2021"]
[Site "Padron"]
[Date "2021.04.02"]
[Round "3.6"]
[White "Cacheiro Blanco, Diego"]
[Black "Gomez Dieguez, David"]
[Result "0-1"]
[WhiteElo "1769"]
[BlackElo "2298"]
[Annotator "ChessBase"]
[PlyCount "46"]
[EventDate "2021.04.02"]
[EventType "swiss"]
[EventCountry "ESP"]
[SourceTitle "playchess.com"]
[Source "ChessBase"]
[SourceQuality "1"]
[TimeControl "5400+30"]

1. e4 {[%emt 0:00:00]} e5 {[%emt 0:00:00]} 2. Nf3 {[%emt 0:00:00]} Nc6 {[%emt 0:00:00]} 3. Bc4 {[%emt 0:00:00]} Nf6 {[%emt 0:00:02]} 4. d3 {[%emt 0:00:11]} Bc5 {[%emt 0:00:09]} 5. c3 {[%emt 0:00:09]} a6 {[%emt 0:00:05]} 6. O-O {[%emt 0:00:13]} Ba7 {[%emt 0:00:11]} 7. a4 {[%emt 0:00:19]} h6 {[%emt 0:05:18]} 8. Re1 {[%emt 0:02:45]} d6 {[%emt 0:01:39]} 9. h3 {[%emt 0:02:21]} g5 {[%emt 0:06:17]} 10. Nh2 {[%emt 0:24:15]} Rg8 {[%emt 0:01:54]} 11. Ng4 {[%emt 0:02:19]} Bxg4 {[%emt 0:04:29]} 12. hxg4 {[%emt 0:00:03]} Qd7 {[%emt 0:00:46]} 13. Be3 {[%emt 0:02:11]} Qxg4 {[%emt 0:08:08]} 14. Qb3 {[%emt 0:09:05]} Na5 {[%emt 0:04:39]} 15. Bxf7+ {[%emt 0:00:49]} Ke7 {[%emt 0:00:10]} 16. Qb4 {[%emt 0:00:16]} Bxe3 {[%emt 0:03:09]} 17. Bxg8 {[%emt 0:11:39]} Bb6 {[%emt 0:00:59]} 18. Bd5 {[%emt 0:01:25]} Qh4 {[%emt 0:01:10]} 19. d4 {[%emt 0:01:57]} Ng4 {[%emt 0:00:21]} 20. Nd2 {[%emt 0:06:51]} Qxf2+ {[%emt 0:00:12]} 21. Kh1 {[%emt 0:00:07]} Qh4+ {[%emt 0:00:19]} 22. Kg1 {[%emt 0:00:05]} Rf8 {[%emt 0:00:17]} 23. Nf1 {[%emt 0:00:11]} Rxf1+ {[%emt 0:00:07]} 0-1

[Event "Galicia-ch 2021"]
[Site "Padron"]
[Date "2021.04.02"]
[Round "4.1"]
[White "Gonzalez Perez, Arian"]
[Black "Sanchez Aller, Fernando"]
[Result "1/2-1/2"]
[WhiteElo "2481"]
[BlackElo "2337"]
[Annotator "ChessBase"]
[PlyCount "76"]
[EventDate "2021.04.02"]
[EventType "swiss"]
[EventCountry "ESP"]
[SourceTitle "playchess.com"]
[Source "ChessBase"]
[SourceQuality "1"]
[TimeControl "5400+30"]

1. d4 {[%emt 0:00:00]} Nf6 {[%emt 0:00:00]} 2. c4 {[%emt 0:00:15]} g6 {[%emt 0:00:00]} 3. Nc3 {[%emt 0:00:30]} Bg7 {[%emt 0:00:00]} 4. e4 {[%emt 0:00:08]} d6 {[%emt 0:00:00]} 5. Nf3 {[%emt 0:00:15]} O-O {[%emt 0:00:04]} 6. Be2 {[%emt 0:00:04]} e5 {[%emt 0:00:06]} 7. Be3 {[%emt 0:00:06]} Ng4 {[%emt 0:00:35]} 8. Bg5 {[%emt 0:00:07]} f6 {[%emt 0:00:07]} 9. Bh4 {[%emt 0:00:06]} Nc6 {[%emt 0:00:11]} 10. d5 {[%emt 0:00:56]} Ne7 {[%emt 0:00:09]} 11. Nd2 {[%emt 0:00:24]} f5 {[%emt 0:00:07]} 12. Bxg4 {[%emt 0:01:50]} fxg4 {[%emt 0:00:05]} 13. Bg5 {[%emt 0:00:23]} Rf4 {[%emt 0:00:05]} 14. g3 {[%emt 0:13:40]} Rf7 {[%emt 0:00:06]} 15. b4 {[%emt 0:00:38]} Bf6 {[%emt 0:06:45]} 16. Bxf6 {[%emt 0:10:35]} Rxf6 {[%emt 0:00:09]} 17. Rc1 {[%emt 0:00:06]} Bd7 {[%emt 0:06:30]} 18. c5 {[%emt 0:01:07]} Qf8 {[%emt 0:00:11]} 19. Qe2 {[%emt 0:07:47]} Qh6 {[%emt 0:00:41]} 20. cxd6 {[%emt 0:10:35]} cxd6 {[%emt 0:00:11]} 21. Nd1 {[%emt 0:00:20]} Rc8 {[%emt 0:05:46]} 22. Rxc8+ {[%emt 0:03:46]} Nxc8 {[%emt 0:00:12]} 23. O-O {[%emt 0:02:46]} Nb6 {[%emt 0:02:10]} 24. Ne3 {[%emt 0:01:43]} Qg5 {[%emt 0:02:08]} 25. Rc1 {[%emt 0:01:39]} Rf7 {[%emt 0:00:12]} 26. Nb3 {[%emt 0:05:32]} h5 {[%emt 0:01:02]} 27. Na5 {[%emt 0:00:30]} a6 {[%emt 0:00:36]} 28. Rc7 {[%emt 0:08:01]} Bc8 {[%emt 0:11:00]} 29. Qc2 {[%emt 0:06:26]} Qd8 {[%emt 0:00:09]} 30. Rc3 {[%emt 0:00:46]} Kg7 {[%emt 0:02:15]} 31. Nec4 {[%emt 0:00:24]} Nxc4 {[%emt 0:01:13]} 32. Rxc4 {[%emt 0:01:39]} Bd7 {[%emt 0:00:24]} 33. Nxb7 {[%emt 0:15:47]} Qb6 {[%emt 0:00:27]} 34. Na5 {[%emt 0:06:29]} Bb5 {[%emt 0:02:02]} 35. Rc3 {[%emt 0:00:15]} Qd4 {[%emt 0:01:25]} 36. Nc6 {[%emt 0:00:51]} Bxc6 {[%emt 0:03:20]} 37. dxc6 {[%emt 0:01:32]} Rxf2 {[%emt 0:00:28]} 38. Qxf2 {[%emt 0:00:02]} Qxc3 {[%emt 0:00:16]} 1/2-1/2